Statistics for Countries Closest to the Point (0,0) A-Z

Click here to take the quiz!

General Stats

  • This quiz has been taken 59 times
    (50 since last reset)
  • The average score is 18 of 25

Answer Stats

Letter Country % Correct
ZZambia
100%
YYemen
97%
OOman
95%
QQatar
92%
AAngola
90%
MMali
87%
NNigeria
87%
GGhana
87%
TTogo
79%
CCôte d'Ivoire or Cameroon
77%
RRwanda
77%
FFrance
77%
BBenin
77%
LLiberia
74%
JJordan
72%
IItaly or Ivory Coast
72%
EEquatorial Guinea
64%
UUnited Kingdom (Ascension Island)
64%
PPortugal
64%
KKenya
62%
SSão Tomé and Príncipe
56%
DDR Congo
54%
HHungary
51%
VVatican City
44%
WWestern Sahara
38%

Score Distribution

Percentile by Number Answered

Percent of People with Each Score

Your Score History

You have not taken this quiz since the last reset